| 000 | 01272nam a22002537a 4500 | ||
|---|---|---|---|
| 008 | 230317s2023 xxu||||| |||| 00| 0 eng d | ||
| 041 | _aeng | ||
| 110 | _aDigital Twin Consortium | ||
| 245 |
_aDecarbonizing the Built World: _ba call to action _h[Electronic resource] |
||
| 260 |
_bDigital Twin Consortium, _c7 March 2023 |
||
| 300 | _a16p. | ||
| 520 | _aA digital twin is a virtual representation of real-world entities and processes, synchronized at a specified frequency and fidelity. The white paper outlines how building owners and their community of stakeholders can reduce carbon emissions using performance-based digital twins. By doing so, building owners/operators/stakeholders can ensure optimal building performance and sustainability and contribute to net-zero goals. | ||
| 650 | _aCARBON | ||
| 651 | _aUnited States | ||
| 690 |
_96238 _aEnvironment |
||
| 700 | _aTurner, John | ||
| 700 | _aMcLean, Don | ||
| 700 | _aStevenson, Craig | ||
| 700 | _aSawhney, Anil | ||
| 700 | _aEckenrode, Beth | ||
| 700 | _aLukesh, Todd | ||
| 856 |
_uhttps://www.digitaltwinconsortium.org/wp-content/uploads/sites/3/2023/03/Decarbonizing-the-Built-World-A-Call-to-Action-2023-03-07.pdf _zAvailable online on completion of a download form |
||
| 942 | _n0 | ||
| 999 |
_c121397 _d121397 |
||